000 00417nam a2200157Ia 4500
008 200103s9999||||xx |||||||||||||| ||und||
020 _a9780482305588
040 _aIMU-MPC
082 _aColumn-28
100 _aEastop, T. D.
245 0 _aApplied Thermodynamics for engineering technology SI Units
250 _a5th Ed.
260 _bEducational Low-Priced Books Scheme
_c1996
300 _aix, 715
942 _cBK
999 _c7256
_d7256